<?xml version="1.0" encoding="UTF-8"?>
<record
    xmlns:xsi="http://www.w3.org/2001/XMLSchema-instance"
    xsi:schemaLocation="http://www.loc.gov/MARC21/slim http://www.loc.gov/standards/marcxml/schema/MARC21slim.xsd"
    xmlns="http://www.loc.gov/MARC21/slim">

  <leader>01340nam a22002537a 4500</leader>
  <datafield tag="999" ind1=" " ind2=" ">
    <subfield code="c">22126</subfield>
    <subfield code="d">22126</subfield>
  </datafield>
  <controlfield tag="003">AR-CdUCM</controlfield>
  <controlfield tag="008">190429b           ||||| |||| 00| 0 spa d</controlfield>
  <datafield tag="040" ind1=" " ind2=" ">
    <subfield code="a">MUNICIPALIDAD PROVINCIAL DEL CUSCO</subfield>
    <subfield code="c">BIBLIOTECA MUNICIPAL DEL CUSCO</subfield>
  </datafield>
  <datafield tag="082" ind1=" " ind2=" ">
    <subfield code="a">Teqse/N&#xB0;1/1972</subfield>
  </datafield>
  <datafield tag="110" ind1=" " ind2=" ">
    <subfield code="a">Universidad Nacional de San Antonio Abad del Cuzco</subfield>
    <subfield code="9">14483</subfield>
  </datafield>
  <datafield tag="245" ind1=" " ind2=" ">
    <subfield code="a">Teqse:</subfield>
    <subfield code="b">revista de Filosof&#xED;a Psicolog&#xED;a y Arte /</subfield>
    <subfield code="c">Departamento de Filosof&#xED;a y Psicolog&#xED;a</subfield>
  </datafield>
  <datafield tag="260" ind1=" " ind2=" ">
    <subfield code="a">Cusco.</subfield>
    <subfield code="b">Los Andes,</subfield>
    <subfield code="c">1972.</subfield>
  </datafield>
  <datafield tag="300" ind1=" " ind2=" ">
    <subfield code="a">127 p&#xE1;ginas. :</subfield>
    <subfield code="b">ilustraciones,</subfield>
    <subfield code="c">23 cm.</subfield>
  </datafield>
  <datafield tag="440" ind1=" " ind2=" ">
    <subfield code="a">Teqse.</subfield>
    <subfield code="n">N&#xB0;1,1972</subfield>
    <subfield code="9">47495</subfield>
  </datafield>
  <datafield tag="505" ind1=" " ind2=" ">
    <subfield code="a">Contenido: Esbozo para una historia de las ideas Filos&#xF3;ficas en el Cusco. Jos&#xE9; Tamayo Herrera. -- Concepci&#xF3;n del hombre en el pensamiento Keswa. Salustio Guti&#xE9;rrez Pareja.-- Estirpe iluminista en la emancipaci&#xF3;n americana. Mois&#xE9;s Tello Palomino. -- Vigencia inalienable de la Filosof&#xED;a macro historia y futurolog&#xED;a. Gottardo Max Aguirre C&#xE1;rdenas. -- Sobre la verdad y su enmascaramiento. Hugo Fl&#xF3;rez Ugarte. -- Percepci&#xF3;n i conocimiento. Edmundo Arce Quiroz. </subfield>
  </datafield>
  <datafield tag="650" ind1=" " ind2=" ">
    <subfield code="a">Filosof&#xED;a</subfield>
    <subfield code="9">395</subfield>
  </datafield>
  <datafield tag="650" ind1=" " ind2=" ">
    <subfield code="a">Psicolog&#xED;a</subfield>
    <subfield code="9">1538</subfield>
  </datafield>
  <datafield tag="650" ind1=" " ind2=" ">
    <subfield code="a">Arte</subfield>
    <subfield code="9">561</subfield>
  </datafield>
  <datafield tag="700" ind1=" " ind2=" ">
    <subfield code="a">Tamayo Herrera, Jos&#xE9;</subfield>
    <subfield code="9">11513</subfield>
  </datafield>
  <datafield tag="700" ind1=" " ind2=" ">
    <subfield code="a">Guti&#xE9;rrez Pareja, Salustio</subfield>
    <subfield code="9">15880</subfield>
  </datafield>
  <datafield tag="700" ind1=" " ind2=" ">
    <subfield code="a">Aguirre C&#xE1;rdenas, Gottardo Max</subfield>
    <subfield code="9">30625</subfield>
  </datafield>
  <datafield tag="942" ind1=" " ind2=" ">
    <subfield code="2">ddc</subfield>
    <subfield code="c">PP</subfield>
  </datafield>
  <datafield tag="945" ind1=" " ind2=" ">
    <subfield code="a">rac</subfield>
  </datafield>
  <datafield tag="952" ind1=" " ind2=" ">
    <subfield code="0">0</subfield>
    <subfield code="2">ddc</subfield>
    <subfield code="4">0</subfield>
    <subfield code="7">0</subfield>
    <subfield code="a">HEM</subfield>
    <subfield code="b">HEM</subfield>
    <subfield code="c">CART</subfield>
    <subfield code="d">2022-03-09</subfield>
    <subfield code="g">5.00</subfield>
    <subfield code="o">Teqse/N&#xB0;1/1972</subfield>
    <subfield code="p">REVC000680</subfield>
    <subfield code="r">2022-03-09</subfield>
    <subfield code="y">PP</subfield>
  </datafield>
</record>
